[Event "Ì11Ï"]
[Site "Loo"]
[Date "2017.04.28"]
[Round "9.57"]
[White "Ìàêñèí, Âëàäèìèð."]
[Black "Øàëèìîâ, Âëàäèìèð."]
[Result "1-0"]
[WhiteElo "1325"]
[BlackElo "1087"]
[PlyCount "73"]
[EventDate "2017.04.20"]

1. Nf3 f5 2. d4 Nf6 3. c4 g6 4. g3 Bg7 5. Bg2 d6 6. O-O O-O 7. Nc3 Qe8 8. Qb3
Kh8 9. Bf4 Nbd7 10. Nb5 Qd8 11. Ng5 Nb6 12. c5 dxc5 13. Nxc7 c4 14. Qc2 Rb8 15.
Nce6 Bxe6 16. Nxe6 Qd7 17. Nxf8 Rxf8 18. Rfd1 Rc8 19. Rd2 Nbd5 20. Be5 c3 21.
bxc3 Nxc3 22. Rd3 Nce4 23. Qb3 Ng4 24. Bxg7+ Kxg7 25. f3 Ngf2 26. fxe4 Nxd3 27.
Qxd3 Rd8 28. Rd1 Qe6 29. exf5 gxf5 30. Bh3 Qxa2 31. Bxf5 Qf7 32. d5 a5 33. Qd4+
Kg8 34. Be6 Qxe6 35. dxe6 Rxd4 36. Rxd4 Kg7 37. Rd7 1-0

[Event "Ì11Ï"]
[Site "Loo"]
[Date "2017.04.28"]
[Round "9.62"]
[White "Ãîëîâà÷åâ, Ëåîíèä."]
[Black "Ëåçèí, Àëåêñàíäð."]
[Result "0-1"]
[WhiteElo "1587"]
[BlackElo "1245"]
[PlyCount "60"]
[EventDate "2017.04.20"]

1. e4 d5 2. exd5 Nf6 3. d4 Bg4 4. Nf3 Qxd5 5. Be2 Nc6 6. c4 Qh5 7. h3 O-O-O 8.
Be3 e6 9. O-O Bxf3 10. Bxf3 Qa5 11. Nc3 Qb4 12. Qd3 Nd7 13. a3 Qe7 14. Bxc6
bxc6 15. d5 Nc5 16. Qc2 cxd5 17. b4 Nb7 18. cxd5 exd5 19. Bxa7 d4 20. Nb5 Qe5
21. Rfe1 Qxb5 22. Rac1 Bd6 23. Re7 Rd7 24. Rxd7 Qxd7 25. Bxd4 f6 26. Qb3 Re8
27. a4 Qe6 28. Qc3 Be5 29. Kh1 Re7 30. Bxe5 Qxe5 0-1

[Event "Ì11Ï"]
[Site "Loo"]
[Date "2017.04.28"]
[Round "9.63"]
[White "Ðû÷èõèí, Âëàäèñëàâ."]
[Black "Íåôåäîâ, Èëüÿ."]
[Result "1-0"]
[WhiteElo "1491"]
[BlackElo "1179"]
[PlyCount "79"]
[EventDate "2017.04.20"]

1. d4 d5 2. g3 Nf6 3. Bg2 Bf5 4. c4 c6 5. cxd5 cxd5 6. Nc3 a6 7. Bf4 Nbd7 8.
Nxd5 Nxd5 9. Bxd5 Qa5+ 10. Bd2 Qxd5 11. Nf3 Bh3 12. Qc2 e6 13. O-O-O Qxa2 14.
Rhe1 Qa1+ 15. Qb1 Qxb1+ 16. Kxb1 Be7 17. e4 Bg4 18. Re3 a5 19. Bc3 Bb4 20. d5
Bxf3 21. Rxf3 Bxc3 22. Rxc3 Nf6 23. f3 O-O 24. Rc7 Rfb8 25. d6 b6 26. d7 h5 27.
Rd6 Re8 28. dxe8=Q+ Nxe8 29. Rdd7 Nxc7 30. Rxc7 h4 31. b3 Rd8 32. Kc2 Rf8 33.
Rc5 f5 34. e5 Ra8 35. Rc6 Kf7 36. Rc7+ Ke8 37. Rxg7 Ra6 38. Rh7 a4 39. bxa4
Rxa4 40. Kb3 1-0

[Event "Ì11Ï"]
[Site "Loo"]
[Date "2017.04.28"]
[Round "9.64"]
[White "Ôåäîòîâ, Äàíèèë."]
[Black "Ìàììàäîâ, Èëüãàð."]
[Result "1-0"]
[WhiteElo "1240"]
[BlackElo "1440"]
[PlyCount "38"]
[EventDate "2017.04.20"]

1. c4 Nf6 2. Nc3 g6 3. g3 d6 4. Bg2 Bg7 5. e4 O-O 6. Nge2 e5 7. O-O Be6 8. d3
Qd7 9. f4 Bh3 10. Nd5 Bxg2 11. Kxg2 Nxd5 12. exd5 f5 13. Qb3 b6 14. fxe5 dxe5
15. c5 Kh8 16. c6 Qd6 17. Nc3 Na6 18. Nb5 Qc5 19. Qa4 Qxd5+ 1-0

[Event "Ì11Ï"]
[Site "Loo"]
[Date "2017.04.28"]
[Round "9.65"]
[White "Ïîòàïîâ, Äìèòðèé."]
[Black "Ìåðöàëîâ, Ñåì¸í."]
[Result "0-1"]
[WhiteElo "1383"]
[BlackElo "1215"]
[PlyCount "44"]
[EventDate "2017.04.20"]

1. e4 c6 2. d4 d5 3. Nc3 e6 4. Nf3 Bb4 5. Bd3 Nd7 6. O-O Bxc3 7. bxc3 dxe4 8.
Bxe4 Ngf6 9. Bd3 b6 10. Ba3 Qc7 11. Re1 c5 12. dxc5 Nxc5 13. Bb5+ Bd7 14. Bxd7+
Nfxd7 15. Nd4 O-O 16. Re3 Rfd8 17. Rg3 Nf6 18. Qc1 Nce4 19. Nb5 Qc4 20. Be7
Nxg3 21. Bxd8 Ne2+ 22. Kh1 Nxc1 0-1

[Event "Ì11Ï"]
[Site "Loo"]
[Date "2017.04.28"]
[Round "9.66"]
[White "Àíòîíîâ, Âëàäèìèð."]
[Black "Ãåîðãèåâ, Àëåêñåé."]
[Result "0-1"]
[WhiteElo "1368"]
[BlackElo "1160"]
[PlyCount "104"]
[EventDate "2017.04.20"]

1. e4 e5 2. Nf3 Nc6 3. Bc4 Bc5 4. c3 Nf6 5. d4 exd4 6. cxd4 Bb4+ 7. Nc3 Nxe4 8.
O-O Bxc3 9. d5 O-O 10. bxc3 Ne7 11. Bb3 d6 12. Bc2 Nxc3 13. Qd3 Bf5 14. Qxc3
Bxc2 15. Qxc2 Nxd5 16. Qb3 Nb6 17. Bg5 Qd7 18. a4 Qe6 19. Qxe6 fxe6 20. a5 Nd7
21. Rfe1 e5 22. Rec1 Rac8 23. a6 b6 24. Be3 c5 25. Nd2 h6 26. Ne4 d5 27. Nd6
Rc6 28. Nb5 Ra8 29. Rd1 d4 30. Kf1 Nf6 31. Bd2 c4 32. Rac1 Rc5 33. Na3 c3 34.
Be1 Rb8 35. f4 Nd5 36. Bf2 Nxf4 37. g3 Ng6 38. Re1 b5 39. Rb1 b4 40. Nc2 b3 41.
Na1 c2 42. Nxc2 Rxc2 43. Red1 Rf8 44. Rxb3 Rfxf2+ 45. Kg1 Rxh2 46. Rf3 e4 47.
Rf5 d3 48. Rb5 Rhf2 49. Rb8+ Rf8 50. Rb7 Ra8 51. Rdb1 d2 52. Rd7 Rc1+ 0-1

[Event "Ì11Ï"]
[Site "Loo"]
[Date "2017.04.28"]
[Round "9.67"]
[White "Êóäèíîâ, Ðîìàí."]
[Black "Ïàòðàêååâ, Ïàíêðàò."]
[Result "0-1"]
[WhiteElo "1163"]
[BlackElo "1366"]
[PlyCount "52"]
[EventDate "2017.04.20"]

1. Nf3 d5 2. d4 Nf6 3. Bf4 Bf5 4. e3 e6 5. c4 Nc6 6. Nc3 Bb4 7. Qb3 O-O 8. Be2
Ne4 9. O-O Bxc3 10. bxc3 Rb8 11. Rfc1 Bg4 12. Rd1 dxc4 13. Qxc4 Rc8 14. Ne5 Na5
15. Qd3 Bf5 16. f3 Nf2 17. Qb5 c6 18. Qb2 Nxd1 19. Rxd1 f6 20. Ng4 Bxg4 21.
fxg4 g5 22. Bg3 f5 23. h4 f4 24. exf4 gxf4 25. Bf2 Qc7 26. g3 Kh8 0-1

[Event "Ì11Ï"]
[Site "Loo"]
[Date "2017.04.28"]
[Round "9.68"]
[White "×óðêèí, Êîíñòàíòèí."]
[Black "Âó, Âëàäèìèð."]
[Result "1-0"]
[WhiteElo "1364"]
[BlackElo "1042"]
[PlyCount "34"]
[EventDate "2017.04.20"]

1. e4 e6 2. d4 d5 3. e5 c5 4. c3 Nc6 5. Nf3 Qb6 6. Bd3 cxd4 7. cxd4 Bd7 8. Be2
f6 9. exf6 Nxf6 10. Nc3 Bb4 11. O-O O-O 12. a3 Bd6 13. Na4 Qc7 14. Nc3 a6 15.
Re1 Ng4 16. h3 Nxf2 17. Kxf2 b5 1-0

[Event "Ì11Ï"]
[Site "Loo"]
[Date "2017.04.28"]
[Round "9.69"]
[White "Íèêèòèí, Àðòåì."]
[Black "Æãèëåâ, Èâàí."]
[Result "1-0"]
[WhiteElo "1148"]
[BlackElo "1359"]
[PlyCount "77"]
[EventDate "2017.04.20"]

1. e4 e6 2. d4 d5 3. e5 c5 4. c3 Nc6 5. Nf3 Qb6 6. Bd3 cxd4 7. cxd4 Bd7 8. O-O
Nxd4 9. Nxd4 Qxd4 10. Nc3 Qxe5 11. Re1 Qb8 12. Qf3 Be7 13. Bf4 Qd8 14. Qg3 Kf8
15. Re2 Nf6 16. Be5 h6 17. Rae1 Rg8 18. h3 Bc6 19. Bd4 Qd6 20. Be5 Qd8 21. Qe3
Bd6 22. Bd4 a6 23. a3 Rc8 24. Kh1 b5 25. b4 Bb7 26. Bc2 e5 27. Bxe5 Bxe5 28.
Qxe5 d4 29. Nd1 d3 30. Bxd3 g5 31. Bf5 Rc1 32. Qe7+ Qxe7 33. Rxe7 Bc8 34. Bxc8
Rxc8 35. Ra7 Rc6 36. Ne3 Kg7 37. Nf5+ Kf8 38. Ra8+ Ne8 39. Raxe8# 1-0

[Event "Ì11Â"]
[Site "Loo"]
[Date "2017.04.28"]
[Round "9.1"]
[White "Ëûñöîâ, Ëåîíèä."]
[Black "Ïèíãèí, Àðòåì."]
[Result "1-0"]
[WhiteElo "1864"]
[BlackElo "1576"]
[PlyCount "117"]
[EventDate "2017.04.20"]

1. d4 Nf6 2. Bf4 c5 3. c3 e6 4. Nf3 Nc6 5. e3 d5 6. Nbd2 Bd6 7. Ne5 O-O 8. Bd3
Qc7 9. Ndf3 cxd4 10. exd4 Ne4 11. Bg3 f5 12. Nxc6 bxc6 13. Bxd6 Qxd6 14. Ne5
Rb8 15. Qe2 c5 16. O-O c4 17. Bxe4 fxe4 18. f3 exf3 19. Rxf3 Bb7 20. Raf1 Rbe8
21. Rf7 Rxf7 22. Rxf7 Qxe5 23. dxe5 Kxf7 24. Qf2+ Kg8 25. Qxa7 Re7 26. Qc5 Kf7
27. a4 Ba8 28. a5 h6 29. a6 Re8 30. Qa7+ Kf8 31. Kf2 Kg8 32. Ke3 Kf8 33. Kd4
Kg8 34. Kc5 Kf8 35. Qc7 Kg8 36. Kb6 Kf8 37. Qd6+ Kg8 38. Ka7 d4 39. Qxd4 Bd5
40. Qf2 Ra8+ 41. Kb6 Rb8+ 42. Kc7 Rf8 43. Qb6 Rf7+ 44. Kd6 Rf8 45. g3 Re8 46.
a7 Kf8 47. Qc7 Ra8 48. Qb8+ Kf7 49. b4 cxb3 50. c4 Be4 51. c5 b2 52. Qxb2 Rxa7
53. c6 Bxc6 54. Kxc6 Re7 55. Kd6 g5 56. Qf2+ Ke8 57. Qf6 Rd7+ 58. Kxe6 Rh7 59.
Qg6+ 1-0

[Event "Ì11Â"]
[Site "Loo"]
[Date "2017.04.28"]
[Round "9.2"]
[White "Øåêà, Íèêîëàé."]
[Black "Äóäàðåâ, Âëàäèñëàâ."]
[Result "1-0"]
[WhiteElo "1399"]
[BlackElo "2051"]
[PlyCount "78"]
[EventDate "2017.04.20"]

1. e4 c5 2. Nf3 d6 3. d4 cxd4 4. Nxd4 Nf6 5. Nc3 g6 6. Be2 Bg7 7. O-O O-O 8.
Bg5 Nc6 9. Nb3 Be6 10. Kh1 Na5 11. f4 Rc8 12. e5 Nxb3 13. axb3 dxe5 14. fxe5
Nd5 15. Nxd5 Bxd5 16. c4 Bc6 17. Qxd8 Rfxd8 18. Rxa7 Rd2 19. Bxd2 Bxe5 20. Bc3
Bxc3 21. bxc3 e5 22. b4 Kg7 23. b5 Be4 24. h3 Rc5 25. Rd1 f5 26. Bf3 Rxc4 27.
Bxe4 fxe4 28. Rxb7+ Kf6 29. Rd6+ Kg5 30. Rd5 Rxc3 31. Rf7 Kh4 32. Rxe5 Rc4 33.
Rf4+ Kg3 34. Rfxe4 Rc1+ 35. Re1 Rc2 36. b6 Rxg2 37. Rg5+ Kf3 38. Rxg2 g5 39. b7
g4 1-0

[Event "Ì11Â"]
[Site "Loo"]
[Date "2017.04.28"]
[Round "9.3"]
[White "Ïåòðîâñêèé, Íèêèòà."]
[Black "Âîëêîâ, Ìàêñèì."]
[Result "0-1"]
[WhiteElo "1583"]
[BlackElo "1862"]
[PlyCount "76"]
[EventDate "2017.04.20"]

1. e4 e6 2. d4 d5 3. Nd2 c5 4. exd5 exd5 5. Ngf3 a6 6. Be2 c4 7. O-O Bd6 8. Re1
Ne7 9. Nf1 O-O 10. Ng3 Nd7 11. c3 f5 12. b3 b5 13. a4 Nb6 14. axb5 axb5 15.
Rxa8 Nxa8 16. Ne5 Qc7 17. f4 Nb6 18. Bf1 b4 19. Bd2 Bb7 20. Qc2 bxc3 21. Bxc3
Bxe5 22. dxe5 Rc8 23. bxc4 Nxc4 24. Nxf5 Nxf5 25. Qxf5 Qb6+ 26. Kh1 Ne3 27. Qd3
Nxf1 28. Rxf1 Qc6 29. Rf3 d4 30. Bxd4 Qd7 31. Rh3 h6 32. Bg1 Qe6 33. Rg3 Rc1
34. Qd2 Qc6 35. Qe2 Ba6 36. Qf3 Rxg1+ 37. Kxg1 Qc1+ 38. Kf2 Qd2+ 0-1

[Event "Ì11Â"]
[Site "Loo"]
[Date "2017.04.28"]
[Round "9.4"]
[White "Þøèí, Èãîðü."]
[Black "Êîëåñîâ, Ãîðäåé."]
[Result "1/2-1/2"]
[WhiteElo "1801"]
[BlackElo "1619"]
[PlyCount "80"]
[EventDate "2017.04.20"]

1. d4 Nf6 2. c4 g6 3. Nc3 Bg7 4. e4 d6 5. Nf3 O-O 6. h3 e5 7. d5 Nbd7 8. Bg5 h6
9. Be3 Ne8 10. g4 Nc5 11. Nd2 f5 12. gxf5 gxf5 13. Bxc5 dxc5 14. Qe2 Nd6 15.
O-O-O Qh4 16. f3 a6 17. Qg2 Bd7 18. Rg1 Qe7 19. Nb3 b6 20. Bd3 f4 21. h4 a5 22.
a3 a4 23. Nd2 Kh8 24. Qg6 Rg8 25. Ne2 Rgf8 26. Nc3 Rf6 27. Qg2 Rf7 28. h5 Raf8
29. Rh1 Qe8 30. Rdg1 Qe7 31. Qh2 Rf6 32. Qg2 R8f7 33. Rh2 Rf8 34. Rhh1 R8f7 35.
Rh2 Qe8 36. Qf2 Qf8 37. Rhg2 Qe7 38. Rh2 Qd8 39. Rhg2 Qf8 40. Rh2 Qe7 1/2-1/2

[Event "Ì11Â"]
[Site "Loo"]
[Date "2017.04.28"]
[Round "9.5"]
[White "Ìàíåëþê, Äàíèèë."]
[Black "Âåòîõèí, Ñàââà."]
[Result "1-0"]
[WhiteElo "1976"]
[BlackElo "1657"]
[PlyCount "135"]
[EventDate "2017.04.20"]

1. e4 e6 2. d4 d5 3. Nd2 a6 4. Bd3 c5 5. dxc5 Bxc5 6. exd5 exd5 7. Nb3 Ba7 8.
Nf3 Nf6 9. O-O O-O 10. c3 Bg4 11. Bg5 Nc6 12. Be2 Qd6 13. Bxf6 gxf6 14. Nbd4
Bb8 15. Nxc6 bxc6 16. g3 Re8 17. Nd4 Bh3 18. Re1 c5 19. Nf3 Bc7 20. Qc2 Bg4 21.
Nh4 Bxe2 22. Rxe2 Rxe2 23. Qxe2 Qe5 24. Qf3 Rf8 25. Rd1 Rd8 26. Nf5 Kh8 27. Qh5
Bb8 28. f4 Qe6 29. Nh6 Rd7 30. Kf2 d4 31. Re1 Rd5 32. Qh4 Be5 33. fxe5 fxe5 34.
Qg5 f6 35. Qf5 Qxf5+ 36. Nxf5 e4 37. g4 e3+ 38. Kf3 h5 39. h3 dxc3 40. bxc3
hxg4+ 41. hxg4 Rd2 42. Re2 Kh7 43. Kxe3 Rd7 44. Rd2 Rb7 45. Kf4 Kg6 46. Rd6 a5
47. g5 Rf7 48. gxf6 Rxf6 49. Rxf6+ Kxf6 50. a4 Ke6 51. Ke4 Kf6 52. Kd5 Kxf5 53.
Kxc5 Ke5 54. Kb5 Kd5 55. c4+ Kd6 56. c5+ Kd5 57. c6 Kd6 58. Kb6 Ke7 59. c7 Kd7
60. Kb7 Kd6 61. c8=Q Kd5 62. Qc7 Ke4 63. Qxa5 Kd4 64. Qb5 Kc3 65. a5 Kd4 66. a6
Kc3 67. a7 Kd4 68. a8=Q 1-0

[Event "Ì11Â"]
[Site "Loo"]
[Date "2017.04.28"]
[Round "9.6"]
[White "Ñèìîíÿí, Ãðèãîðèé."]
[Black "Ñàâåëüåâ, Èâàí."]
[Result "1-0"]
[WhiteElo "1937"]
[BlackElo "1478"]
[PlyCount "117"]
[EventDate "2017.04.20"]

1. e4 e5 2. Nf3 Nc6 3. Bc4 Nf6 4. Ng5 d5 5. exd5 Nd4 6. c3 b5 7. cxd4 bxc4 8.
Qa4+ Qd7 9. Qxc4 exd4 10. Qxd4 Qxd5 11. Qxd5 Nxd5 12. O-O Be7 13. Nf3 Bb7 14.
Rd1 O-O-O 15. d4 Rhe8 16. a3 Bd6 17. Ng5 Re7 18. Nc3 f6 19. Nh3 Rde8 20. Bd2 a6
21. Rac1 Nb6 22. Bf4 Bxf4 23. Nxf4 Kb8 24. Nd3 Nd7 25. f3 g5 26. Re1 h5 27.
Rxe7 Rxe7 28. Re1 Rxe1+ 29. Nxe1 c5 30. Nc2 Kc7 31. Kf2 cxd4 32. Nxd4 Kd6 33.
Ke3 Nc5 34. b4 Nd7 35. Ne4+ Kc7 36. Ne6+ Kb6 37. N6c5 Nxc5 38. bxc5+ Ka5 39.
Nxf6 Ka4 40. Nxh5 Kxa3 41. Nf6 a5 42. Kd4 Kb3 43. Ne4 a4 44. Nd2+ Kb4 45. Nb1
Kb3 46. g3 Bxf3 47. Nd2+ Kb2 48. Nxf3 a3 49. c6 a2 50. c7 a1=Q 51. c8=Q Qd1+
52. Ke3 Qb3+ 53. Kf2 Qb6+ 54. Kg2 Qb5 55. Qc2+ Ka3 56. Qc3+ Ka2 57. Qd2+ Ka3
58. Nxg5 Qc6+ 59. Nf3 1-0

[Event "Ì11Â"]
[Site "Loo"]
[Date "2017.04.28"]
[Round "9.7"]
[White "Õóáóêøàíîâ, Ýðäýì."]
[Black "Ãðóíèí, Äåíèñ."]
[Result "1-0"]
[WhiteElo "1791"]
[BlackElo "1556"]
[PlyCount "83"]
[EventDate "2017.04.20"]

1. e4 e5 2. Nf3 Nc6 3. Bc4 Nf6 4. d3 Bc5 5. O-O d6 6. c3 Bg4 7. a4 a6 8. Re1 h6
9. Nbd2 g5 10. Qb3 Rh7 11. a5 Rb8 12. Bd5 Qd7 13. Bxc6 Qxc6 14. d4 Bxf3 15.
Nxf3 Ba7 16. dxe5 dxe5 17. Nxe5 Bxf2+ 18. Kxf2 Qc5+ 19. Be3 Qxe5 20. Kg1 Ng4
21. g3 Nxe3 22. Rxe3 f5 23. Qd5 Qxd5 24. exd5+ Kd7 25. Rf1 Rf8 26. c4 Kd6 27.
b4 f4 28. Re6+ Kd7 29. c5 Rf5 30. c6+ bxc6 31. Rxc6 Rxd5 32. Rxa6 fxg3 33. hxg3
Rd3 34. Kg2 Rd2+ 35. Rf2 Rd4 36. b5 Rd5 37. b6 Kc8 38. Rf8+ Kb7 39. Ra7+ Kc6
40. Rf6+ Kb5 41. bxc7 Rh8 42. Rb6+ 1-0

[Event "Ì11Â"]
[Site "Loo"]
[Date "2017.04.28"]
[Round "9.8"]
[White "Ôîìêèí, Äìèòðèé."]
[Black "Êðèâåíêî, Äìèòðèé."]
[Result "0-1"]
[WhiteElo "1579"]
[BlackElo "1659"]
[PlyCount "94"]
[EventDate "2017.04.20"]

1. e4 d6 2. d4 g6 3. h3 Bg7 4. Nf3 a6 5. a4 b6 6. Bd3 Bb7 7. O-O Nd7 8. Nc3 e6
9. Bg5 Ne7 10. Re1 h6 11. Bf4 O-O 12. Qd2 Kh7 13. Ne2 e5 14. dxe5 dxe5 15. Bh2
f5 16. Nc3 f4 17. Bc4 Nc8 18. Rad1 Nd6 19. Bb3 g5 20. Bd5 Bxd5 21. Nxd5 Nc5 22.
Nxc7 Ncxe4 23. Qd3 Qxc7 24. Nd2 Qc6 25. Nxe4 Nxe4 26. Qxe4+ Qxe4 27. Rxe4 Rfd8
28. Ree1 Kg6 29. Kf1 Kf5 30. f3 h5 31. Bg1 b5 32. a5 g4 33. Bb6 Rxd1 34. hxg4+
hxg4 35. fxg4+ Kxg4 36. Rxd1 e4 37. Rd6 Bxb2 38. Kf2 Rc8 39. Bd8 Rxc2+ 40. Kf1
e3 41. Bf6 Rf2+ 42. Kg1 Kg3 43. Bxb2 Rxg2+ 44. Kf1 Rxb2 45. Rxa6 Kf3 46. Kg1 e2
47. Re6 Rb1+ 0-1

[Event "Ì11Â"]
[Site "Loo"]
[Date "2017.04.28"]
[Round "9.9"]
[White "Ïîðîøèí, Àëåêñàíäð."]
[Black "Òàðàñåíêî, ßðîñëàâ."]
[Result "1-0"]
[WhiteElo "1664"]
[BlackElo "1629"]
[PlyCount "157"]
[EventDate "2017.04.20"]

1. e4 c5 2. Nf3 g6 3. d4 cxd4 4. Nxd4 Nc6 5. Nc3 Bg7 6. Nb3 Nf6 7. Be2 O-O 8.
O-O a6 9. Re1 b5 10. Bf1 d6 11. Nd5 Bb7 12. Bg5 Nxd5 13. exd5 Ne5 14. c3 h6 15.
Bh4 Re8 16. Qd2 Qd7 17. Bg3 Qg4 18. h3 Qf5 19. Nd4 Qd7 20. Nc2 Rac8 21. Rad1 h5
22. Ne3 Qd8 23. a4 Qb6 24. axb5 axb5 25. Bxe5 Bxe5 26. Qd3 Ba6 27. Ra1 Ra8 28.
Nc2 Rec8 29. Nb4 Rc5 30. Nc6 Bb7 31. Rxa8+ Bxa8 32. Nxe5 Rxd5 33. Nd7 Qd8 34.
Qf3 Rf5 35. Qe3 Qxd7 36. Qxe7 Qxe7 37. Rxe7 Bc6 38. Rc7 Be8 39. Rc8 Kf8 40. Bd3
Re5 41. f4 Rc5 42. Rb8 Ke7 43. Kf2 Bc6 44. g3 Kd7 45. Ke3 Kc7 46. Rf8 Bd5 47.
f5 gxf5 48. Bxf5 Be6 49. Bxe6 fxe6 50. g4 hxg4 51. hxg4 Kd7 52. Rb8 Ke7 53. Kf4
Kf6 54. Rb6 d5 55. g5+ Kf7 56. Rb7+ Kg6 57. Re7 Rc4+ 58. Ke5 Re4+ 59. Kd6 d4
60. cxd4 Rxd4+ 61. Kc6 Kxg5 62. Rxe6 Kf5 63. Rd6 Rb4 64. Rd5+ Ke6 65. Rxb5 Rc4+
66. Kb7 Kd6 67. b4 Rc7+ 68. Kb8 Rc6 69. Rb7 Rc1 70. b5 Rb1 71. Ka7 Kc5 72. Rc7+
Kd6 73. b6 Ra1+ 74. Kb8 Rh1 75. b7 Rb1 76. Kc8 Rh1 77. b8=Q Rh8+ 78. Kb7 Rxb8+
79. Kxb8 1-0

[Event "Ì11Â"]
[Site "Loo"]
[Date "2017.04.28"]
[Round "9.10"]
[White "Èâ÷åíêî, Àëåêñàíäð."]
[Black "Âîëêîâ, Èëüÿ."]
[Result "1-0"]
[WhiteElo "1664"]
[BlackElo "1404"]
[PlyCount "129"]
[EventDate "2017.04.20"]

1. e4 c5 2. Nf3 e6 3. b3 Nc6 4. Bb5 Nf6 5. Bxc6 bxc6 6. e5 Nd5 7. O-O Be7 8. d3
O-O 9. Ba3 a5 10. Qd2 a4 11. Nc3 axb3 12. axb3 Ba6 13. Na4 Bb5 14. Bxc5 Bxa4
15. Bxe7 Qxe7 16. bxa4 Qb4 17. Qxb4 Nxb4 18. Rfc1 Ra5 19. Rcb1 c5 20. Ne1 Ra7
21. Rb3 Rfa8 22. Rba3 Nc6 23. f4 f6 24. Nf3 Kf7 25. c3 h6 26. h4 Na5 27. Kf2
Ke7 28. Nd2 fxe5 29. fxe5 Nc6 30. Nc4 Na5 31. Nd6 Nc6 32. Nb5 Ra5 33. d4 cxd4
34. cxd4 R8a6 35. Ke3 Nb4 36. Kd2 Nd5 37. g3 Nb6 38. Nd6 Rxa4 39. Rxa4 Rxa4 40.
Rb1 Nc4+ 41. Nxc4 Rxc4 42. Kd3 Ra4 43. Rb3 Ra7 44. Ke4 Ra1 45. Re3 Rf1 46. Ra3
Re1+ 47. Kf4 Rd1 48. Ra4 Rf1+ 49. Kg4 Rf5 50. Ra8 Rf1 51. Kh5 Rg1 52. Ra3 Rd1
53. Kg6 Rxd4 54. Kxg7 Re4 55. Kxh6 Rxe5 56. g4 Rc5 57. g5 e5 58. g6 Rc6 59. h5
e4 60. Kg7 Re6 61. h6 e3 62. h7 e2 63. h8=Q Rxg6+ 64. Kxg6 e1=Q 65. Qf6+ 1-0

[Event "Ì11Â"]
[Site "Loo"]
[Date "2017.04.28"]
[Round "9.12"]
[White "Ãîäæóðîâ, Ëèäæè."]
[Black "Ìåäâåäåâ, Ìàòâåé."]
[Result "1-0"]
[WhiteElo "1587"]
[BlackElo "1605"]
[PlyCount "87"]
[EventDate "2017.04.20"]

1. Nf3 d5 2. g3 c6 3. Bg2 Bf5 4. O-O Nd7 5. d4 Ngf6 6. c4 h6 7. Nc3 e6 8. cxd5
exd5 9. Bf4 Be7 10. Ne5 O-O 11. Qb3 g5 12. Bd2 Qb6 13. Na4 Qxb3 14. axb3 Nxe5
15. dxe5 Nd7 16. f4 Bc2 17. Bh3 Nb6 18. Be3 Bxb3 19. Nxb6 axb6 20. Rxa8 Rxa8
21. e6 b5 22. exf7+ Kf8 23. fxg5 Bxg5 24. Bxg5 hxg5 25. Bf5 Ra2 26. h4 gxh4 27.
gxh4 Rxb2 28. h5 Kxf7 29. h6 Ra2 30. Bb1+ Kg8 31. h7+ Kg7 32. Rf8 Kxf8 33.
h8=Q+ Ke7 34. Bxa2 Bxa2 35. Qg7+ Kd6 36. Qxb7 Bc4 37. Qb6 Kd7 38. Qc5 Bxe2 39.
Kf2 Bc4 40. Ke3 Kc7 41. Kd4 Be2 42. Ke5 Bc4 43. Qa7+ Kd8 44. Kd6 1-0

[Event "Ì11Â"]
[Site "Loo"]
[Date "2017.04.28"]
[Round "9.13"]
[White "Ôîìèí, Íèêèòà."]
[Black "Åðìàêîâ, Ìàêñèì."]
[Result "0-1"]
[WhiteElo "1612"]
[BlackElo "1429"]
[PlyCount "130"]
[EventDate "2017.04.20"]

1. e4 c5 2. Nf3 e6 3. d4 cxd4 4. Nxd4 a6 5. Bd3 Nf6 6. c4 Qc7 7. O-O Be7 8. Kh1
Nc6 9. Bc2 O-O 10. b3 Nb4 11. Bb2 Nxc2 12. Qxc2 d5 13. Nd2 dxc4 14. Qxc4 Qxc4
15. Nxc4 Nxe4 16. f3 Nf6 17. Nb6 Rb8 18. Rac1 Nd7 19. Rxc8 Nxb6 20. Rxb8 Rxb8
21. Rc1 Nd5 22. g3 Rd8 23. Ne2 Nb4 24. Rc7 Bf8 25. a3 Rd1+ 26. Ng1 Nd3 27. Bd4
h6 28. Rc8 Rc1 29. Rxc1 Nxc1 30. b4 a5 31. bxa5 Bxa3 32. Bc3 Bc5 33. Nh3 Ne2
34. Be1 Kf8 35. Kg2 Ke7 36. Kf1 Nc1 37. Nf2 Bxf2 38. Bxf2 Kd6 39. Be3 Nb3 40.
Bb6 Kc6 41. Ke2 Kb5 42. Kd3 Nxa5 43. Bd4 f6 44. Kc3 Nc6 45. Be3 Ne7 46. Kb3 Nd5
47. Bd2 Kc5 48. h4 Kd4 49. g4 Kd3 50. Bc1 g5 51. hxg5 hxg5 52. Bb2 e5 53. Bc1
Ke2 54. Kc4 Ne3+ 55. Kc5 Kxf3 56. Kd6 Nxg4 57. Ke6 e4 58. Kf5 e3 59. Bxe3 Nxe3+
60. Kxf6 g4 61. Kg5 g3 62. Kh4 g2 63. Kh5 g1=Q 64. Kh6 Nf5+ 65. Kh5 Qg4# 0-1

[Event "Ì11Â"]
[Site "Loo"]
[Date "2017.04.28"]
[Round "9.14"]
[White "Òàíäåëîâ, Àðñåíèé."]
[Black "Îñíîâèí, Åãîð."]
[Result "0-1"]
[WhiteElo "1305"]
[BlackElo "1512"]
[PlyCount "60"]
[EventDate "2017.04.20"]

1. e4 c5 2. Nf3 Nc6 3. d3 g6 4. g3 Bg7 5. Bg2 d6 6. Nbd2 e5 7. O-O Nge7 8. Re1
O-O 9. Nf1 h6 10. Bd2 Be6 11. Qc1 Kh7 12. h4 Qd7 13. N1h2 b6 14. Qd1 f5 15.
exf5 Bxf5 16. Rb1 Be6 17. b3 Rf7 18. Bf1 Raf8 19. Bg2 Bh3 20. Be3 Bxg2 21. Kxg2
Nf5 22. Rf1 Nxe3+ 23. fxe3 d5 24. Qe2 Qe6 25. Nd2 Nb4 26. c4 Nxa2 27. Ra1 Nc3
28. Qe1 e4 29. dxe4 Nxe4 30. Ra2 Rf2+ 0-1

[Event "Ì11Â"]
[Site "Loo"]
[Date "2017.04.28"]
[Round "9.15"]
[White "Èñìàãèëîâ, Èãîðü."]
[Black "Òþãàøåâ, Ãðèãîðèé."]
[Result "1-0"]
[WhiteElo "1853"]
[BlackElo "1524"]
[PlyCount "67"]
[EventDate "2017.04.20"]

1. d4 Nf6 2. Nf3 d5 3. Bf4 c5 4. e3 e6 5. Nbd2 Nc6 6. c3 Bd6 7. Bg3 Bxg3 8.
hxg3 Qd6 9. Bd3 h6 10. Bb5 Bd7 11. Bxc6 bxc6 12. Ne5 cxd4 13. exd4 Rb8 14. Rb1
c5 15. Nxd7 Nxd7 16. Qg4 Rh7 17. O-O Nf6 18. Qd1 cxd4 19. Qa4+ Nd7 20. Qxd4 Qb6
21. Qd3 Rh8 22. Nf3 Nf6 23. Ne5 Ne4 24. c4 Qc7 25. f4 Nc5 26. Qa3 Nd7 27. Qa4
dxc4 28. Rfd1 Rd8 29. Rd4 f6 30. Nxd7 Rxd7 31. Rbd1 Kf8 32. Qxd7 Qxd7 33. Rxd7
Kg8 34. Rd8+ 1-0

[Event "Ì11Â"]
[Site "Loo"]
[Date "2017.04.28"]
[Round "9.16"]
[White "Ìàêîâ, Àðòåì."]
[Black "Àëåêñååâ, Àíäðåé."]
[Result "1-0"]
[WhiteElo "1604"]
[BlackElo "1257"]
[PlyCount "65"]
[EventDate "2017.04.20"]

1. d4 c6 2. Nf3 e6 3. e4 d5 4. e5 c5 5. c3 Qb6 6. Bd3 Nc6 7. O-O Bd7 8. dxc5
Bxc5 9. b4 Be7 10. Re1 h6 11. a3 h5 12. c4 dxc4 13. Bxc4 Nh6 14. h3 Nf5 15. Nc3
Rd8 16. Ra2 O-O 17. Rd2 Bc8 18. Bd3 Nfd4 19. Nxd4 Nxd4 20. Qxh5 g6 21. Bxg6
fxg6 22. Qxg6+ Kh8 23. Qh6+ Kg8 24. Re4 Rf5 25. Rg4+ Rg5 26. Rxg5+ Bxg5 27.
Qxg5+ Kf8 28. Qf6+ Ke8 29. Qg6+ Kf8 30. Qh6+ Kf7 31. Ne4 Qc6 32. Ng5+ Ke8 33.
Qh8+ 1-0

[Event "Ì11Â"]
[Site "Loo"]
[Date "2017.04.28"]
[Round "9.17"]
[White "Âàôèí, Òàãèð."]
[Black "Ãàøåâ, Ìàòâåé."]
[Result "1/2-1/2"]
[WhiteElo "1428"]
[BlackElo "1582"]
[PlyCount "120"]
[EventDate "2017.04.20"]

1. d4 d5 2. c4 e6 3. Nc3 Be7 4. Nf3 c6 5. cxd5 exd5 6. Qc2 g6 7. Bf4 Nf6 8. e3
Bf5 9. Bd3 Bxd3 10. Qxd3 O-O 11. O-O Nbd7 12. Rab1 Re8 13. b4 a6 14. a4 b5 15.
a5 Ne4 16. Ne1 Nd6 17. Bxd6 Bxd6 18. e4 dxe4 19. Nxe4 Bxh2+ 20. Kxh2 Qh4+ 21.
Kg1 Qxe4 22. Qxe4 Rxe4 23. Nf3 f5 24. Rbc1 Rc8 25. Rc2 Nf6 26. Rfc1 Nd5 27.
Rxc6 Rxc6 28. Rxc6 Nxb4 29. Rd6 Re2 30. d5 Ra2 31. Rd7 Nxd5 32. Rxd5 Rxa5 33.
Ne5 Ra1+ 34. Kh2 b4 35. Nd3 b3 36. Rd8+ Kg7 37. Rb8 Rb1 38. Nc5 a5 39. Rxb3
Rxb3 40. Nxb3 a4 41. Na1 Kf6 42. Kg3 Ke5 43. Kf3 Kd4 44. Ke2 Kc3 45. Kd1 g5 46.
Nc2 Kb2 47. Kd2 h5 48. Kd3 f4 49. Kd2 g4 50. g3 fxg3 51. fxg3 Kb3 52. Kc1 Kc3
53. Ne3 Kd3 54. Nf5 Ke4 55. Nh4 Ke3 56. Kb2 Kf2 57. Nf5 Kg2 58. Ka3 Kh3 59.
Kxa4 h4 60. gxh4 g3 1/2-1/2

[Event "Ì11Â"]
[Site "Loo"]
[Date "2017.04.28"]
[Round "9.18"]
[White "Ïîíêðàòîâ, Àëåêñåé."]
[Black "Îãëîáëèí, Èëüÿ."]
[Result "1-0"]
[WhiteElo "1391"]
[BlackElo "1475"]
[PlyCount "98"]
[EventDate "2017.04.20"]

1. e4 c5 2. Nf3 e6 3. c4 a6 4. d3 Nc6 5. Nc3 Nge7 6. Be3 Ng6 7. Be2 Be7 8. O-O
b6 9. Qb3 Qc7 10. Nd2 Bd6 11. g3 h5 12. f4 h4 13. Kg2 Bb7 14. Na4 Rb8 15. Qxb6
Qxb6 16. Nxb6 Nb4 17. Bd1 Bc6 18. Na4 Bxa4 19. Bxa4 Nxd3 20. b3 Nb4 21. Rfc1
Nd3 22. Rc3 Nb2 23. Rcc1 Nxa4 24. bxa4 Rb4 25. e5 Be7 26. Rcb1 O-O 27. Rxb4
cxb4 28. Bb6 hxg3 29. hxg3 Rc8 30. c5 Rc6 31. Ne4 f6 32. exf6 gxf6 33. Rb1 f5
34. Nf2 Bxc5 35. Bxc5 Rxc5 36. Rxb4 a5 37. Rb5 Rxb5 38. axb5 Ne7 39. a4 Kf8 40.
Kf3 Nd5 41. Nd3 Ke7 42. Nb2 Kd6 43. Nc4+ Kc5 44. Nxa5 Kb4 45. Nb7 Nf6 46. Nd8
Nd5 47. Nb7 Nb6 48. a5 Nd5 49. b6 Kb5 {Äàëåå çàïèñü íåðàçáîð~~èâà} 1-0